Statistics for Country domains quiz

Click here to take the quiz!

General Stats

  • This quiz has been taken 19 times
  • The average score is 10 of 15

Answer Stats

HintAnswer% Correct
.jpjapan
100%
.bebelguim
93%
.zwzimbabwe
93%
.degermany
86%
.grgreece
86%
.yeyemen
79%
.phphilippines
71%
.ataustria
64%
.ltlithuania
64%
.npnepal
64%
.skslovakia
57%
.cnchina
50%
.sosomalia
50%
.mnmongolia
36%
.tmturkmenistan
21%

Score Distribution

Percentile by Number Answered

Percent of People with Each Score

Your Score History

You have not taken this quiz